[Event "ODJM A 2023"]
[Site "Willingen GER"]
[Date "2023.06.01"]
[Round "7"]
[White "Weidemann, Jakob"]
[Black "Kliashtornyi, Arkadii"]
[Result "1-0"]
[Termination "normal"]
[Board "4"]
[WhiteElo "2125"]
[BlackElo "1853"]
[WhiteClock "00:10:43"]
[BlackClock "00:00:32"]
[PlyCount "80"]
[WhiteFideId "16255470"]
[BlackFideId "34119698"]
[EventCountry "GER"]
[EventRounds "9"]
[EventType "swiss"]
[EventDate "2023.05.27"]

1. e4 {[%clk 01:30:56]} {[%emt 00:00:03]} c6 {[%clk 01:30:41]} {[%emt
00:00:20]} 2. d4 {[%clk 01:31:16]} {[%emt 00:00:09]} d5 {[%clk 01:31:05]}
{[%emt 00:00:06]} 3. e5 {[%clk 01:31:39]} {[%emt 00:00:07]} Bf5 {[%clk
01:31:27]} {[%emt 00:00:10]} 4. Nf3 {[%clk 01:31:59]} {[%emt 00:00:09]} e6
{[%clk 01:31:11]} {[%emt 00:00:47]} 5. Be2 {[%clk 01:32:18]} {[%emt 00:00:09]}
c5 {[%clk 01:30:58]} {[%emt 00:00:43]} 6. Be3 {[%clk 01:32:10]} {[%emt
00:00:37]} Nc6 {[%clk 01:26:48]} {[%emt 00:04:42]} 7. dxc5 {[%clk 01:29:25]}
{[%emt 00:03:14]} Bg4 {[%clk 01:11:33]} {[%emt 00:15:46]} 8. Nbd2 {[%clk
01:14:37]} {[%emt 00:15:17]} Nge7 {[%clk 01:04:05]} {[%emt 00:07:59]} 9. c3
{[%clk 01:14:26]} {[%emt 00:00:40]} Ng6 {[%clk 00:57:54]} {[%emt 00:06:42]} 10.
Qa4 {[%clk 01:13:34]} {[%emt 00:01:21]} Bxf3 {[%clk 00:50:00]} {[%emt
00:08:24]} 11. Nxf3 {[%clk 01:13:53]} {[%emt 00:00:10]} Qd7 {[%clk 00:43:33]}
{[%emt 00:06:58]} 12. Bb5 {[%clk 01:13:58]} {[%emt 00:00:24]} a6 {[%clk
00:37:47]} {[%emt 00:06:17]} 13. b4 {[%clk 01:14:11]} {[%emt 00:00:16]} Be7
{[%clk 00:35:55]} {[%emt 00:02:23]} 14. O-O {[%clk 01:12:45]} {[%emt 00:01:56]}
O-O {[%clk 00:33:16]} {[%emt 00:03:11]} 15. Bxc6 {[%clk 01:12:27]} {[%emt
00:00:46]} bxc6 {[%clk 00:31:43]} {[%emt 00:02:03]} 16. Qc2 {[%clk 01:11:16]}
{[%emt 00:01:40]} Rfb8 {[%clk 00:26:11]} {[%emt 00:06:04]} 17. a4 {[%clk
01:08:28]} {[%emt 00:03:17]} Rb7 {[%clk 00:22:31]} {[%emt 00:04:10]} 18. Rfb1
{[%clk 01:06:53]} {[%emt 00:02:04]} Qc7 {[%clk 00:19:32]} {[%emt 00:03:30]} 19.
Bd4 {[%clk 01:06:29]} {[%emt 00:00:53]} Rab8 {[%clk 00:17:25]} {[%emt
00:02:38]} 20. Rb2 {[%clk 01:03:59]} {[%emt 00:02:59]} a5 {[%clk 00:16:57]}
{[%emt 00:00:59]} 21. Rab1 {[%clk 01:03:35]} {[%emt 00:00:53]} h6 {[%clk
00:14:14]} {[%emt 00:03:13]} 22. Qe2 {[%clk 01:02:03]} {[%emt 00:02:00]} Nf8
{[%clk 00:11:18]} {[%emt 00:03:27]} 23. Ne1 {[%clk 00:55:44]} {[%emt 00:06:49]}
Nd7 {[%clk 00:10:26]} {[%emt 00:01:23]} 24. Nd3 {[%clk 00:55:59]} {[%emt
00:00:14]} Bf8 {[%clk 00:07:06]} {[%emt 00:03:51]} 25. Qe3 {[%clk 00:51:07]}
{[%emt 00:05:21]} axb4 {[%clk 00:05:24]} {[%emt 00:02:13]} 26. cxb4 {[%clk
00:50:58]} {[%emt 00:00:38]} Ra7 {[%clk 00:05:15]} {[%emt 00:00:39]} 27. Ra1
{[%clk 00:41:04]} {[%emt 00:10:24]} Rba8 {[%clk 00:05:31]} {[%emt 00:00:16]}
28. Rba2 {[%clk 00:41:17]} {[%emt 00:00:16]} Be7 {[%clk 00:04:03]} {[%emt
00:01:58]} 29. Qd2 {[%clk 00:31:54]} {[%emt 00:09:52]} Rb7 {[%clk 00:03:39]}
{[%emt 00:00:54]} 30. Qc3 {[%clk 00:30:50]} {[%emt 00:01:33]} Rab8 {[%clk
00:03:37]} {[%emt 00:00:32]} 31. Rb1 {[%clk 00:23:28]} {[%emt 00:07:53]} Bf8
{[%clk 00:03:17]} {[%emt 00:00:50]} 32. Qc2 {[%clk 00:23:31]} {[%emt 00:00:25]}
Ra7 {[%clk 00:02:57]} {[%emt 00:00:51]} 33. g3 {[%clk 00:21:11]} {[%emt
00:02:49]} Be7 {[%clk 00:02:48]} {[%emt 00:00:40]} 34. b5 {[%clk 00:15:52]}
{[%emt 00:05:50]} cxb5 {[%clk 00:03:16]} {[%emt 00:00:02]} 35. axb5 {[%clk
00:16:09]} {[%emt 00:00:11]} Rxa2 {[%clk 00:03:43]} {[%emt 00:00:04]} 36. Qxa2
{[%clk 00:16:29]} {[%emt 00:00:10]} Kh7 {[%clk 00:00:39]} {[%emt 00:03:34]} 37.
b6 {[%clk 00:15:25]} {[%emt 00:01:34]} Qc6 {[%clk 00:00:58]} {[%emt 00:00:10]}
38. Nb4 {[%clk 00:14:32]} {[%emt 00:01:24]} Qc8 {[%clk 00:00:47]} {[%emt
00:00:40]} 39. Na6 {[%clk 00:13:03]} {[%emt 00:01:59]} Rb7 {[%clk 00:01:14]}
{[%emt 00:00:04]} 40. Qc2+ {[%clk 00:10:43]} {[%emt 00:02:48]} Rxb6 {[%clk
00:00:32]} {[%emt 00:01:13]} 1-0

[Event "ODJM A 2023"]
[Site "Willingen GER"]
[Date "2023.06.01"]
[Round "7"]
[White "Sabirov, Rafael"]
[Black "Mehner, Lorenz"]
[Result "1-0"]
[Termination "normal"]
[Board "5"]
[WhiteElo "2089"]
[BlackElo "1681"]
[WhiteClock "00:10:28"]
[BlackClock "00:01:06"]
[PlyCount "63"]
[WhiteFideId "16241185"]
[BlackFideId "16293096"]
[EventCountry "GER"]
[EventRounds "9"]
[EventType "swiss"]
[EventDate "2023.05.27"]

1. e4 {[%clk 01:30:59]} {[%emt 00:00:01]} c5 {[%clk 01:30:41]} {[%emt
00:00:19]} 2. Nc3 {[%clk 01:31:28]} {[%emt 00:00:01]} Nc6 {[%clk 01:30:42]}
{[%emt 00:00:29]} 3. Bb5 {[%clk 01:31:53]} {[%emt 00:00:06]} Nd4 {[%clk
01:30:40]} {[%emt 00:00:32]} 4. Bc4 {[%clk 01:32:18]} {[%emt 00:00:04]} a6
{[%clk 01:30:55]} {[%emt 00:00:15]} 5. d3 {[%clk 01:32:07]} {[%emt 00:00:40]}
e6 {[%clk 01:27:16]} {[%emt 00:04:10]} 6. Nf3 {[%clk 01:32:18]} {[%emt
00:00:19]} b5 {[%clk 01:16:12]} {[%emt 00:11:35]} 7. Bb3 {[%clk 01:31:47]}
{[%emt 00:01:00]} Bb7 {[%clk 01:13:08]} {[%emt 00:03:34]} 8. Nxd4 {[%clk
01:29:32]} {[%emt 00:02:45]} cxd4 {[%clk 01:12:54]} {[%emt 00:00:44]} 9. Ne2
{[%clk 01:30:01]} {[%emt 00:00:01]} Bc5 {[%clk 01:01:01]} {[%emt 00:12:22]} 10.
O-O {[%clk 01:29:44]} {[%emt 00:00:48]} Ne7 {[%clk 00:53:34]} {[%emt 00:07:57]}
11. a4 {[%clk 01:29:46]} {[%emt 00:00:29]} O-O {[%clk 00:52:41]} {[%emt
00:01:22]} 12. Bd2 {[%clk 01:21:32]} {[%emt 00:08:44]} Qc7 {[%clk 00:44:53]}
{[%emt 00:08:19]} 13. f4 {[%clk 01:20:47]} {[%emt 00:01:15]} f5 {[%clk
00:36:25]} {[%emt 00:08:58]} 14. Ng3 {[%clk 01:14:29]} {[%emt 00:06:48]} fxe4
{[%clk 00:27:00]} {[%emt 00:09:55]} 15. dxe4 {[%clk 01:12:39]} {[%emt
00:02:20]} d5 {[%clk 00:21:13]} {[%emt 00:06:18]} 16. Qg4 {[%clk 01:02:21]}
{[%emt 00:10:48]} Qc6 {[%clk 00:10:41]} {[%emt 00:11:01]} 17. axb5 {[%clk
01:00:25]} {[%emt 00:02:26]} axb5 {[%clk 00:10:23]} {[%emt 00:00:48]} 18. Rxa8
{[%clk 01:00:41]} {[%emt 00:00:14]} Bxa8 {[%clk 00:09:55]} {[%emt 00:00:59]}
19. Nh5 {[%clk 00:55:09]} {[%emt 00:06:01]} g6 {[%clk 00:07:07]} {[%emt
00:03:18]} 20. e5 {[%clk 00:49:15]} {[%emt 00:06:24]} d3+ {[%clk 00:05:46]}
{[%emt 00:01:52]} 21. Kh1 {[%clk 00:49:16]} {[%emt 00:00:27]} dxc2 {[%clk
00:04:35]} {[%emt 00:01:41]} 22. Nf6+ {[%clk 00:43:41]} {[%emt 00:06:05]} Kh8
{[%clk 00:03:07]} {[%emt 00:01:58]} 23. Bxc2 {[%clk 00:30:54]} {[%emt
00:13:17]} Rf7 {[%clk 00:02:39]} {[%emt 00:00:59]} 24. Bd3 {[%clk 00:26:52]}
{[%emt 00:04:32]} Ng8 {[%clk 00:01:18]} {[%emt 00:01:52]} 25. Nxg8 {[%clk
00:21:01]} {[%emt 00:06:21]} Kxg8 {[%clk 00:01:24]} {[%emt 00:00:23]} 26. Rc1
{[%clk 00:21:30]} Qb6 {[%clk 00:01:12]} {[%emt 00:00:42]} 27. h4 {[%clk
00:17:59]} {[%emt 00:04:00]} Rg7 {[%clk 00:00:55]} {[%emt 00:00:48]} 28. Bxb5
{[%clk 00:14:55]} {[%emt 00:03:34]} Qxb5 {[%clk 00:00:38]} {[%emt 00:00:48]}
29. Qxe6+ {[%clk 00:15:23]} {[%emt 00:00:01]} Rf7 {[%clk 00:00:39]} {[%emt
00:00:29]} 30. Qc8+ {[%clk 00:15:34]} {[%emt 00:00:20]} Bf8 {[%clk 00:01:07]}
{[%emt 00:00:01]} 31. Qxa8 {[%clk 00:15:05]} {[%emt 00:00:58]} Qd3 {[%clk
00:01:06]} {[%emt 00:00:32]} 32. Qa5 {[%clk 00:10:28]} {[%emt 00:05:07]} 1-0

[Event "ODJM A 2023"]
[Site "Willingen GER"]
[Date "2023.06.01"]
[Round "7"]
[White "Weidenhöfer, Max"]
[Black "Rohm, Linus"]
[Result "1/2-1/2"]
[Termination "normal"]
[Board "6"]
[WhiteElo "2000"]
[BlackElo "1911"]
[WhiteClock "00:01:26"]
[BlackClock "00:21:35"]
[PlyCount "135"]
[WhiteFideId "16230566"]
[BlackFideId "16298217"]
[EventCountry "GER"]
[EventRounds "9"]
[EventType "swiss"]
[EventDate "2023.05.27"]

1. e4 {[%clk 01:30:59]} c5 {[%clk 01:30:51]} {[%emt 00:00:09]} 2. Nf3 {[%clk
01:31:19]} {[%emt 00:00:10]} e6 {[%clk 01:31:13]} {[%emt 00:00:08]} 3. d4
{[%clk 01:31:43]} {[%emt 00:00:06]} cxd4 {[%clk 01:31:30]} {[%emt 00:00:14]} 4.
Nxd4 {[%clk 01:32:11]} {[%emt 00:00:02]} Nf6 {[%clk 01:31:47]} {[%emt
00:00:13]} 5. Nc3 {[%clk 01:32:32]} {[%emt 00:00:08]} Nc6 {[%clk 01:31:54]}
{[%emt 00:00:23]} 6. a3 {[%clk 01:32:37]} {[%emt 00:00:27]} Be7 {[%clk
01:31:12]} {[%emt 00:01:11]} 7. Be3 {[%clk 01:31:53]} {[%emt 00:01:14]} O-O
{[%clk 01:31:22]} {[%emt 00:00:20]} 8. Be2 {[%clk 01:30:45]} {[%emt 00:01:37]}
d5 {[%clk 01:30:24]} {[%emt 00:01:28]} 9. exd5 {[%clk 01:30:33]} {[%emt
00:00:41]} Nxd5 {[%clk 01:28:56]} {[%emt 00:01:59]} 10. Nxd5 {[%clk 01:30:50]}
{[%emt 00:00:12]} Qxd5 {[%clk 01:28:39]} {[%emt 00:00:46]} 11. Bf3 {[%clk
01:26:05]} {[%emt 00:05:15]} Qc4 {[%clk 01:28:01]} {[%emt 00:01:09]} 12. Nxc6
{[%clk 01:05:29]} {[%emt 00:21:06]} bxc6 {[%clk 01:27:25]} {[%emt 00:01:06]}
13. Be2 {[%clk 01:05:58]} Qd5 {[%clk 01:25:54]} {[%emt 00:02:01]} 14. O-O
{[%clk 01:04:18]} {[%emt 00:02:09]} Bf6 {[%clk 01:22:04]} {[%emt 00:04:19]} 15.
c3 {[%clk 00:57:48]} {[%emt 00:07:01]} Qxd1 {[%clk 01:14:57]} {[%emt 00:07:39]}
16. Rfxd1 {[%clk 00:53:27]} {[%emt 00:04:50]} Rd8 {[%clk 01:13:38]} {[%emt
00:01:48]} 17. Rxd8+ {[%clk 00:47:59]} {[%emt 00:05:59]} Bxd8 {[%clk 01:14:06]}
{[%emt 00:00:03]} 18. Rd1 {[%clk 00:48:18]} {[%emt 00:00:11]} Be7 {[%clk
01:14:05]} {[%emt 00:00:30]} 19. Bf3 {[%clk 00:44:50]} {[%emt 00:03:59]} Rb8
{[%clk 01:12:35]} {[%emt 00:02:01]} 20. b4 {[%clk 00:42:08]} {[%emt 00:03:11]}
c5 {[%clk 01:08:35]} {[%emt 00:04:30]} 21. h3 {[%clk 00:22:05]} {[%emt
00:20:33]} Kf8 {[%clk 01:05:53]} {[%emt 00:03:11]} 22. c4 {[%clk 00:17:49]}
{[%emt 00:04:47]} Bb7 {[%clk 01:04:59]} {[%emt 00:01:24]} 23. Bxb7 {[%clk
00:16:50]} {[%emt 00:01:30]} Rxb7 {[%clk 01:05:27]} {[%emt 00:00:02]} 24. b5
{[%clk 00:17:08]} {[%emt 00:00:12]} Ke8 {[%clk 01:04:09]} {[%emt 00:01:48]} 25.
Kf1 {[%clk 00:16:27]} {[%emt 00:01:11]} Rd7 {[%clk 01:00:13]} {[%emt 00:04:24]}
26. Rxd7 {[%clk 00:14:55]} {[%emt 00:02:03]} Kxd7 {[%clk 01:00:42]} {[%emt
00:00:02]} 27. Bf4 {[%clk 00:14:54]} {[%emt 00:00:30]} Kc8 {[%clk 01:00:44]}
{[%emt 00:00:28]} 28. Be5 {[%clk 00:12:38]} {[%emt 00:02:46]} f6 {[%clk
00:59:48]} {[%emt 00:01:26]} 29. Bc3 {[%clk 00:12:57]} {[%emt 00:00:11]} Bd8
{[%clk 00:55:09]} {[%emt 00:05:10]} 30. Ke2 {[%clk 00:11:31]} {[%emt 00:01:56]}
Bc7 {[%clk 00:48:21]} {[%emt 00:07:18]} 31. Kd3 {[%clk 00:10:48]} {[%emt
00:01:14]} Kb7 {[%clk 00:47:57]} {[%emt 00:00:53]} 32. a4 {[%clk 00:07:23]}
{[%emt 00:03:56]} a5 {[%clk 00:44:42]} {[%emt 00:03:44]} 33. g4 {[%clk
00:04:21]} {[%emt 00:03:33]} h6 {[%clk 00:39:31]} {[%emt 00:05:41]} 34. Ke4
{[%clk 00:03:48]} {[%emt 00:01:03]} Kc8 {[%clk 00:39:37]} {[%emt 00:00:24]} 35.
h4 {[%clk 00:02:07]} {[%emt 00:02:11]} Kd7 {[%clk 00:38:45]} {[%emt 00:01:23]}
36. f4 {[%clk 00:01:32]} {[%emt 00:01:04]} Ke7 {[%clk 00:38:09]} {[%emt
00:01:06]} 37. f5 {[%clk 00:01:11]} {[%emt 00:00:52]} Kf7 {[%clk 00:30:39]}
{[%emt 00:07:58]} 38. Bd2 {[%clk 00:00:59]} {[%emt 00:00:43]} g5 {[%clk
00:28:44]} {[%emt 00:02:26]} 39. fxg6+ {[%clk 00:01:27]} {[%emt 00:00:02]} Kxg6
{[%clk 00:28:56]} {[%emt 00:00:18]} 40. Bf4 {[%clk 00:01:35]} {[%emt 00:00:21]}
Bb6 {[%clk 00:18:53]} {[%emt 00:10:32]} 41. Bd6 {[%clk 00:20:59]} {[%emt
00:11:07]} Kf7 {[%clk 00:42:40]} {[%emt 00:06:43]} 42. Kf4 {[%clk 00:18:41]}
{[%emt 00:02:48]} Kg6 {[%clk 00:39:02]} {[%emt 00:04:07]} 43. Bb8 {[%clk
00:16:06]} {[%emt 00:03:07]} Kf7 {[%clk 00:37:01]} {[%emt 00:02:28]} 44. g5
{[%clk 00:13:14]} {[%emt 00:03:23]} hxg5+ {[%clk 00:34:35]} {[%emt 00:02:57]}
45. hxg5 {[%clk 00:13:34]} {[%emt 00:00:09]} fxg5+ {[%clk 00:32:53]} {[%emt
00:02:12]} 46. Kxg5 {[%clk 00:14:03]} {[%emt 00:00:03]} Kg7 {[%clk 00:32:50]}
{[%emt 00:00:31]} 47. Kf4 {[%clk 00:13:14]} {[%emt 00:01:20]} Kf6 {[%clk
00:32:17]} {[%emt 00:01:03]} 48. Bd6 {[%clk 00:13:27]} {[%emt 00:00:16]} Kg6
{[%clk 00:30:19]} {[%emt 00:02:29]} 49. Ke4 {[%clk 00:12:27]} {[%emt 00:01:30]}
Kf6 {[%clk 00:28:06]} {[%emt 00:02:42]} 50. Bg3 {[%clk 00:12:25]} {[%emt
00:00:32]} Kf7 {[%clk 00:26:49]} {[%emt 00:01:47]} 51. Bh4 {[%clk 00:12:33]}
{[%emt 00:00:22]} Ke8 {[%clk 00:26:28]} {[%emt 00:00:52]} 52. Ke5 {[%clk
00:10:44]} {[%emt 00:02:18]} Kd7 {[%clk 00:26:46]} {[%emt 00:00:12]} 53. Bg5
{[%clk 00:10:26]} {[%emt 00:00:49]} Bc7+ {[%clk 00:26:04]} {[%emt 00:01:11]}
54. Kf6 {[%clk 00:10:27]} {[%emt 00:00:30]} Bd8+ {[%clk 00:25:19]} {[%emt
00:01:14]} 55. Kg6 {[%clk 00:10:51]} {[%emt 00:00:06]} Bb6 {[%clk 00:24:40]}
{[%emt 00:01:09]} 56. Kf7 {[%clk 00:10:53]} {[%emt 00:00:28]} Bc7 {[%clk
00:22:41]} {[%emt 00:02:29]} 57. Bh4 {[%clk 00:06:18]} {[%emt 00:05:06]} Bb6
{[%clk 00:22:26]} {[%emt 00:00:44]} 58. Bg3 {[%clk 00:06:23]} {[%emt 00:00:24]}
Ba7 {[%clk 00:21:35]} {[%emt 00:01:21]} 59. Be5 {[%clk 00:06:49]} {[%emt
00:00:05]} Bb6 {[%clk 00:21:42]} {[%emt 00:00:23]} 60. Bb8 {[%clk 00:06:50]}
{[%emt 00:00:29]} Kc8 {[%clk 00:21:54]} {[%emt 00:00:16]} 61. Bd6 {[%clk
00:06:22]} {[%emt 00:01:00]} Kd7 {[%clk 00:21:44]} {[%emt 00:00:39]} 62. Bf8
{[%clk 00:06:21]} {[%emt 00:00:32]} Ba7 {[%clk 00:21:38]} {[%emt 00:00:35]} 63.
Kf6 {[%clk 00:06:16]} {[%emt 00:00:37]} Bb6 {[%clk 00:21:18]} {[%emt 00:00:49]}
64. Ke5 {[%clk 00:04:49]} {[%emt 00:01:56]} Bc7+ {[%clk 00:21:33]} {[%emt
00:00:15]} 65. Ke4 {[%clk 00:04:44]} {[%emt 00:00:35]} Bb6 {[%clk 00:21:56]}
{[%emt 00:00:07]} 66. Bg7 {[%clk 00:04:59]} {[%emt 00:00:14]} Bc7 {[%clk
00:21:20]} {[%emt 00:01:06]} 67. Be5 {[%clk 00:05:05]} {[%emt 00:00:25]} Bb6
{[%clk 00:21:35]} {[%emt 00:00:15]} 68. Bb8 {[%clk 00:01:26]} {[%emt 00:04:09]}
1/2-1/2

[Event "ODJM A 2023"]
[Site "Willingen GER"]
[Date "2023.06.01"]
[Round "7"]
[White "Sabirov, Ramil"]
[Black "Köhler, Lukas"]
[Result "1-0"]
[Termination "normal"]
[Board "7"]
[WhiteElo "2109"]
[BlackElo "2078"]
[WhiteClock "00:30:28"]
[BlackClock "00:03:54"]
[PlyCount "55"]
[WhiteFideId "12900303"]
[BlackFideId "16221990"]
[EventCountry "GER"]
[EventRounds "9"]
[EventType "swiss"]
[EventDate "2023.05.27"]

1. Nf3 {[%clk 01:30:56]} {[%emt 00:00:03]} d5 {[%clk 01:30:24]} {[%emt
00:00:37]} 2. g3 {[%clk 01:30:13]} {[%emt 00:01:14]} c5 {[%clk 01:29:40]}
{[%emt 00:01:12]} 3. Bg2 {[%clk 01:30:14]} {[%emt 00:00:29]} Nf6 {[%clk
01:29:55]} {[%emt 00:00:16]} 4. O-O {[%clk 01:29:37]} {[%emt 00:01:06]} e6
{[%clk 01:29:46]} {[%emt 00:00:39]} 5. c4 {[%clk 01:29:24]} {[%emt 00:00:44]}
d4 {[%clk 01:18:43]} {[%emt 00:11:32]} 6. e3 {[%clk 01:29:32]} {[%emt
00:00:23]} Nc6 {[%clk 01:18:23]} {[%emt 00:00:50]} 7. exd4 {[%clk 01:29:50]}
{[%emt 00:00:13]} cxd4 {[%clk 01:18:45]} {[%emt 00:00:08]} 8. d3 {[%clk
01:27:27]} {[%emt 00:02:52]} Bd6 {[%clk 01:10:59]} {[%emt 00:08:17]} 9. a3
{[%clk 01:22:00]} {[%emt 00:05:56]} a5 {[%clk 01:11:00]} {[%emt 00:00:29]} 10.
Re1 {[%clk 01:19:38]} {[%emt 00:02:52]} O-O {[%clk 01:09:58]} {[%emt 00:01:33]}
11. Bg5 {[%clk 01:13:08]} {[%emt 00:06:59]} h6 {[%clk 01:07:45]} {[%emt
00:02:43]} 12. Bxf6 {[%clk 01:12:54]} {[%emt 00:00:45]} Qxf6 {[%clk 01:08:04]}
{[%emt 00:00:11]} 13. Nbd2 {[%clk 01:13:03]} {[%emt 00:00:19]} Qd8 {[%clk
01:05:23]} {[%emt 00:03:12]} 14. Rc1 {[%clk 01:10:22]} {[%emt 00:03:11]} e5
{[%clk 01:00:48]} {[%emt 00:05:04]} 15. c5 {[%clk 01:08:08]} {[%emt 00:02:44]}
Bc7 {[%clk 01:00:56]} {[%emt 00:00:23]} 16. Nc4 {[%clk 01:07:27]} {[%emt
00:01:11]} Re8 {[%clk 01:00:25]} {[%emt 00:01:01]} 17. b3 {[%clk 01:02:29]}
{[%emt 00:05:29]} f5 {[%clk 00:43:21]} {[%emt 00:17:33]} 18. Rb1 {[%clk
00:58:50]} {[%emt 00:04:09]} e4 {[%clk 00:20:53]} {[%emt 00:22:57]} 19. dxe4
{[%clk 00:56:55]} {[%emt 00:02:27]} fxe4 {[%clk 00:21:09]} {[%emt 00:00:13]}
20. Nh4 {[%clk 00:40:38]} {[%emt 00:16:47]} Qd5 {[%clk 00:18:49]} {[%emt
00:02:49]} 21. Rxe4 {[%clk 00:39:10]} {[%emt 00:01:58]} Rxe4 {[%clk 00:18:31]}
{[%emt 00:00:49]} 22. Qd3 {[%clk 00:37:15]} {[%emt 00:02:24]} Qxc5 {[%clk
00:17:39]} {[%emt 00:01:23]} 23. Bxe4 {[%clk 00:34:45]} {[%emt 00:03:00]} b5
{[%clk 00:13:52]} {[%emt 00:04:17]} 24. Qf3 {[%clk 00:30:53]} {[%emt 00:04:22]}
Bd7 {[%clk 00:03:00]} {[%emt 00:11:22]} 25. Bd5+ {[%clk 00:29:32]} {[%emt
00:01:51]} Kh8 {[%clk 00:03:27]} {[%emt 00:00:02]} 26. Ng6+ {[%clk 00:29:50]}
{[%emt 00:00:11]} Kh7 {[%clk 00:03:51]} {[%emt 00:00:07]} 27. Qe4 {[%emt
00:00:41]} Re8 {[%clk 00:03:54]} 28. Nf8+ {[%clk 00:30:28]} {[%emt 00:00:08]}
1-0

[Event "ODJM A 2023"]
[Site "Willingen GER"]
[Date "2023.06.01"]
[Round "7"]
[White "Savchenko, Daniel"]
[Black "Kieselbach, Marvin"]
[Result "1/2-1/2"]
[Termination "normal"]
[Board "8"]
[WhiteElo "2104"]
[BlackElo "1850"]
[WhiteClock "00:05:58"]
[BlackClock "00:01:36"]
[PlyCount "87"]
[WhiteFideId "12919195"]
[BlackFideId "16235770"]
[EventCountry "GER"]
[EventRounds "9"]
[EventType "swiss"]
[EventDate "2023.05.27"]

1. e4 {[%clk 01:30:57]} {[%emt 00:00:03]} c5 {[%clk 01:30:31]} {[%emt
00:00:28]} 2. Nf3 {[%clk 01:31:16]} {[%emt 00:00:10]} d6 {[%clk 01:30:27]}
{[%emt 00:00:36]} 3. b3 {[%clk 01:30:56]} {[%emt 00:00:51]} Nf6 {[%clk
01:30:38]} {[%emt 00:00:18]} 4. Bb5+ {[%clk 01:27:54]} {[%emt 00:03:33]} Nbd7
{[%clk 01:26:39]} {[%emt 00:04:28]} 5. Qe2 {[%clk 01:27:29]} {[%emt 00:00:55]}
a6 {[%clk 01:26:25]} {[%emt 00:00:44]} 6. Bxd7+ {[%clk 01:27:41]} {[%emt
00:00:20]} Bxd7 {[%clk 01:26:43]} {[%emt 00:00:11]} 7. Bb2 {[%clk 01:27:09]}
{[%emt 00:01:02]} e5 {[%clk 01:21:34]} {[%emt 00:05:40]} 8. O-O {[%clk
01:24:08]} {[%emt 00:03:30]} g6 {[%clk 01:19:05]} {[%emt 00:02:58]} 9. a4
{[%clk 01:20:13]} {[%emt 00:04:26]} b5 {[%clk 01:14:25]} {[%emt 00:05:10]} 10.
axb5 {[%clk 01:19:54]} {[%emt 00:00:50]} axb5 {[%clk 01:14:31]} {[%emt
00:00:24]} 11. Nc3 {[%clk 01:19:33]} {[%emt 00:00:51]} b4 {[%clk 01:09:07]}
{[%emt 00:05:53]} 12. Nd5 {[%clk 01:16:52]} {[%emt 00:03:12]} Nxd5 {[%clk
01:08:56]} {[%emt 00:00:41]} 13. exd5 {[%clk 01:17:15]} {[%emt 00:00:06]} Bg7
{[%clk 01:08:22]} {[%emt 00:01:04]} 14. Bxe5 {[%emt 00:07:47]} dxe5 {[%clk
01:05:47]} {[%emt 00:02:51]} 15. Nxe5 {[%clk 01:08:58]} {[%emt 00:01:46]} O-O
{[%clk 01:00:09]} {[%emt 00:06:08]} 16. Rxa8 {[%clk 01:05:58]} Qxa8 {[%clk
01:00:34]} {[%emt 00:03:35]} 17. Nxd7 {[%clk 01:06:16]} {[%emt 00:00:10]} Re8
{[%clk 00:58:26]} {[%emt 00:02:38]} 18. Qb5 {[%clk 00:59:47]} {[%emt 00:07:00]}
Rd8 {[%clk 00:55:41]} {[%emt 00:03:15]} 19. Nb6 {[%clk 00:56:50]} {[%emt
00:03:26]} Qa7 {[%clk 00:54:46]} {[%emt 00:01:26]} 20. Qxc5 {[%clk 00:33:48]}
{[%emt 00:23:32]} Rb8 {[%clk 00:53:41]} {[%emt 00:01:35]} 21. Na4 {[%clk
00:26:05]} {[%emt 00:08:13]} Qxc5 {[%clk 00:53:55]} {[%emt 00:00:16]} 22. Nxc5
{[%clk 00:26:29]} {[%emt 00:00:06]} Rc8 {[%clk 00:48:40]} {[%emt 00:05:45]} 23.
Nd3 {[%clk 00:24:41]} {[%emt 00:02:19]} Rxc2 {[%clk 00:49:00]} {[%emt
00:00:09]} 24. Nxb4 {[%clk 00:22:59]} {[%emt 00:02:12]} Rxd2 {[%clk 00:48:14]}
{[%emt 00:01:16]} 25. Nc6 {[%clk 00:21:12]} {[%emt 00:02:17]} Bf8 {[%clk
00:38:32]} {[%emt 00:10:12]} 26. b4 {[%clk 00:20:43]} {[%emt 00:00:59]} Rb2
{[%clk 00:37:43]} {[%emt 00:01:17]} 27. Rd1 {[%clk 00:20:43]} {[%emt 00:00:32]}
Bxb4 {[%clk 00:37:39]} {[%emt 00:00:34]} 28. Nxb4 {[%clk 00:19:46]} {[%emt
00:01:27]} Rxb4 {[%clk 00:38:02]} {[%emt 00:00:08]} 29. d6 {[%clk 00:19:26]}
{[%emt 00:00:49]} Rb8 {[%clk 00:38:22]} {[%emt 00:00:10]} 30. f4 {[%clk
00:17:07]} {[%emt 00:02:49]} Kf8 {[%clk 00:29:26]} {[%emt 00:09:26]} 31. Kf2
{[%clk 00:16:39]} {[%emt 00:01:00]} Rd8 {[%clk 00:23:03]} {[%emt 00:06:51]} 32.
Ke3 {[%clk 00:14:28]} {[%emt 00:02:42]} f5 {[%clk 00:20:12]} {[%emt 00:03:21]}
33. g4 {[%clk 00:10:09]} {[%emt 00:04:49]} Kf7 {[%clk 00:10:02]} {[%emt
00:10:39]} 34. g5 {[%clk 00:07:52]} {[%emt 00:02:49]} Rd7 {[%clk 00:08:01]}
{[%emt 00:02:31]} 35. Rd5 {[%clk 00:06:30]} {[%emt 00:01:52]} Ke6 {[%clk
00:07:36]} {[%emt 00:00:55]} 36. Kd4 {[%clk 00:06:44]} {[%emt 00:00:16]} Rxd6
{[%clk 00:06:47]} {[%emt 00:01:18]} 37. Rxd6+ {[%clk 00:07:05]} {[%emt
00:00:10]} Kxd6 {[%clk 00:07:10]} {[%emt 00:00:07]} 38. h3 {[%clk 00:07:20]}
{[%emt 00:00:15]} Ke6 {[%clk 00:03:01]} {[%emt 00:04:39]} 39. Kc5 {[%clk
00:07:11]} {[%emt 00:00:39]} Ke7 {[%clk 00:03:09]} {[%emt 00:00:22]} 40. Kd5
{[%clk 00:06:41]} {[%emt 00:01:00]} Kd7 {[%clk 00:03:06]} {[%emt 00:00:31]} 41.
Ke5 {[%clk 00:06:00]} {[%emt 00:01:13]} Ke7 {[%clk 00:03:06]} {[%emt 00:00:31]}
42. h4 {[%clk 00:06:24]} {[%emt 00:00:05]} Kf7 {[%clk 00:02:26]} {[%emt
00:01:09]} 43. Kd6 {[%clk 00:05:33]} {[%emt 00:01:22]} Kf8 {[%clk 00:01:36]}
{[%emt 00:01:18]} 44. Ke6 {[%clk 00:05:58]} {[%emt 00:00:07]} 1/2-1/2